000
00283nam a22001217a 4500
082
_a
821
_b
SRE/A
100
_a
SREENIVASAN,V. K
245
_a
IN THE AFTERMATH OF FREEDOM
260
_a
KOZHIKODE
_b
VARTHA SPANDANAM PUBLICATIONS
300
_a
35
650
_a
POETRY
_z
KERALA
942
_c
BK
999
_c
4029
_d
4029